00578cam a2200193 a 45000010008000000030006000080050017000140080041000310100019000720200022000910400013001130430021001260820018001471000043001652450049002082600045002573000028003026510054003309709021OCoLC20181113115214.0830929s1982 arua 000 0 eng  a82062079 //r90 a0892211032 (pbk.) aDLCcDLC aa-is---aa-le--- a956.92bL673M1 aLewis, David A.q(David Allen),d1932-10aMagog 1982, canceled /cby David Allen Lewis aHarrison, Ark. :bNew Leaf Press,cc1982 a143 p. :bill. ;c21 cm 0aLebanonxHistoryyIsraeli intervention, 1982-1985